A study of Effective Listening Strategies for IELTS Learners at Danang ELI /

Uloženo v:
Podrobná bibliografie
Hlavní autor: Nguyễn, Thị Minh Ngọc
Médium: Kniha
Jazyk:English
Vydáno: DHNN, 2014.
Témata:
Tagy: Přidat tag
Žádné tagy, Buďte první, kdo otaguje tento záznam!
Thư viện lưu trữ: Mạng thư viện Đại học Đà Nẵng
LEADER 01155nam a22003371a 4500
001 000041271
003 17571
005 20230315103004.0
008 170419s2014 vm 000 eng
040 |a LNN 
041 |a eng 
082 |a 428.3  |b NG-N 
100 |a Nguyễn, Thị Minh Ngọc 
245 2 |a A study of Effective Listening Strategies for IELTS Learners at Danang ELI /  |c Nguyễn Thị Minh Ngọc. 
260 |a DHNN,  |c 2014. 
300 |a 62tr . : ill ; 30cm. 
650 |a Effective Listening Strategies for IELTS. 
852 |b P.Doc  |c Luận văn sinh viên 
OWN |a LNN 
AVA |a UDN50  |b LNN  |c English  |d 428.3 NG-N  |e available  |t Error 5001 Not defined in file expand_doc_bib_avail.  |f 1  |g 0  |h N  |i 0  |j AN  |k 1 
999 |a From the UDN01 
AVA |a UDN50  |b LNN  |c English  |d 428.3 NG-N  |e available  |t Error 5001 Not defined in file expand_doc_bib_avail.  |f 1  |g 0  |h N  |i 0  |j AN  |k 1 
TYP |a Monograph 
TYP |a Printed language 
980 |a Mạng thư viện Đại học Đà Nẵng